000 00512nam a22001817a 4500
005 20251108163342.0
008 250721s1989 xx 000 0 ara d
082 1 4 _a210.430142/عقل
100 1 _aعقله، محمد
245 1 0 _aنظام الأسرة في الإسلام /
250 _aط2.مزيده ومنقحه
264 1 _aعمان :
_bمكتبة الرسالة الحديثه،
_c1989.
300 _a3ح.
650 1 7 _aالإسلام
650 1 7 _aالأسرة
942 _2ddc
_cBK
999 _c505
_d505